000 00320nam a22001457a 4500
020 _a978-1-4737-7899-3
082 _a657.45
100 _aMillichamp, Alan
245 _aAuditing
250 _a12th
260 _aAndover:
_bCengage,
_c2022
300 _axvii, 593p.: ill.; 25cm
700 _aTaylor, John
942 _cBK
999 _c22138
_d22138